000 00519nam a2200145Ia 4500
008 100122s9999 xx 000 0 und d
082 _b44447
_a796.358
100 _aपंडित बाळ ज
245 _aअसे सामने : असे खेळाडू
260 _bमॅजेस्टिक प्रकाशन
_c1990
300 _a185
630 _aअसे सामने : असे खेळाडू
730 _aअसे सामने : असे खेळाडू
942 _cBOOK
999 _c424222
_d424219